Music Quiz

Random Music or Clip Quiz

Novelty Songs Clip Quiz Stats

 Plays Quiz not verified by Sporcle

Challenge
Share
Tweet
Score 0/40 Timer 15:00
0 Plays Today
Time Title % Correct
0:00Barbie Girl
96.5%
3:12Monster Mash
75.6%
3:36I'm Too Sexy
71.4%
3:28Cotton Eye Joe
70.5%
0:56Grandma Got Run Over By a Reindeer
66.7%
0:32Yakety Yak
64.9%
3:20Gangnam Style
62.4%
4:56White and Nerdy
54.1%
4:08Witch Doctor
53%
1:44Itsy Bitsy Teeny Weeny Yellow Polka Dot Bikini
49.7%
4:24Tiptoe Through the Tulips
49.6%
0:48Disco Duck
48.8%
4:48The Purple People Eater
48.6%
1:12Rock Me Amadeus
46.9%
1:28The Hampsterdance
44.6%
2:32Lumberjack Song
44.5%
2:16I'm On A Boat
43.9%
1:20Three Little Pigs
43.5%
2:00Convoy
42.5%
2:48They're Coming To Take Me Away Ha-Haaa!
41.1%
Time Title % Correct
4:16Hello Muddah, Hello Fadduh (A Letter from Camp)
40.5%
4:32Surfin Bird
39%
4:00The Chanukah Song
37.9%
1:36Popcorn
37.5%
3:04Coconut
35.5%
3:52Wooly Bully
35.4%
1:52King Tut
34.9%
0:16Pac-Man Fever
34.8%
0:08My Ding-A-Ling
31.1%
5:04Oh Yeah
27.4%
5:12Valley Girl
24.6%
4:40Da Da Da
24.2%
0:24The Super Bowl Shuffle
23.2%
2:08Detachable Penis
20.2%
2:56Winchester Cathedral
19.4%
3:44Snoopy vs. the Red Baron
18.8%
2:24Dominick the Donkey
17.8%
1:04Does Your Chewing Gum Lose Its Flavour (On the Bed Post Over Night?)
15.9%
0:40Rappin' Rodney
15.5%
2:40Mr. Blobby
10.9%

You're not logged in!

Compare scores with friends on all Sporcle quizzes.
Join for Free
OR
Log In

You Might Also Like...

Show Comments

Extras

Editor's Pick Aug 19, 2015ReportNominate
Tags:Clip Quiz, Audio Quiz, Music Clip, novelty

Top Quizzes Today


Score Distribution

Your Account Isn't Verified!

In order to create a playlist on Sporcle, you need to verify the email address you used during registration. Go to your Sporcle Settings to finish the process.

Report this User

Report this user for behavior that violates our Community Guidelines.

Details: